| 000 | 00363nam a22001577a 4500 | ||
|---|---|---|---|
| 003 | SGT | ||
| 020 | _a978-93-325-4954-8 | ||
| 082 |
_a629.477 _bI15M |
||
| 100 | _aWICKENS, CHRISTOPHER | ||
| 245 | _aINTRODUCTION TO HUMAN FACTORS ENGINEERING | ||
| 250 | _a2ND | ||
| 260 |
_aINDIA _bPEARSON _c2015 |
||
| 300 | _a581 | ||
| 650 | _aPSYCHOLOGY | ||
| 942 |
_2ddc _cBK |
||
| 999 |
_c10672 _d10672 |
||